| 000 | 00558nam a2200205Ia 4500 | ||
|---|---|---|---|
| 008 | 140626s9999 xx 000 0 und d | ||
| 100 | _aLin, Pei-Chao. | ||
| 245 |
_aHospital nurse knowledge of and approach to dementia care / _cPei-Chao Lin ... [et al.]. |
||
| 260 | _cc2013. | ||
| 300 | _a21 : 3, page 197 | ||
| 440 | _aThe Journal of Nursing Research (JNR) | ||
| 521 | _aNUR | ||
| 650 | _aApproach. | ||
| 650 | _aDelirium. | ||
| 650 | _aDementia. | ||
| 650 | _aHospital. | ||
| 650 | _aKnowledge. | ||
| 650 | _aPerson-centered. | ||
| 942 | _cSE | ||
| 999 |
_c121404 _d121404 |
||